000 00299nam a22001337a 4500
008 170925b xxu||||| |||| 00| 0 eng d
020 _a9780226184609
041 _aeng
080 _a37
100 _a46
101 _aEDU
245 _aTHE ALMANAC OF HIGHER EDUCATION
_cCHICAGO,U
942 _2udc
_cBK
999 _c29586
_d29586